Most Popular Types of Pasta in the World - Statistics

General Stats
  • This quiz has been taken 666 times
  • The average score is 9 of 30
Answer Stats
Answer % Correct
1 Spaghetti
99%
3 Penne
79%
2 Lasagna
75%
4 Macaroni
67%
6 Ravioli
62%
18 Fusilli
52%
17 Rigatoni
51%
13 Linguine
50%
12 Farfalle
48%
9 Tortellini
46%
5 Gnocchi
36%
8 Tagliatelle
35%
16 Orzo
30%
14 Fettucine
29%
15 Cannelloni
26%
24 Rotini
21%
19 Pappardelle
17%
11 Vermicelli
17%
20 Conchiglie
13%
10 Bucatini
12%
25 Cavatappi
8%
7 Couscous
8%
27 Tortelloni
8%
26 Cavatelli
6%
22 Orechiette
6%
29 Penne Rigate
4%
28 Trofie
4%
23 Paccheri
3%
30 Conchiglioni
2%
21 Gnocchi di Patate
1%
No matching quizzes found
Score Distribution
Percent of People with Each Score
Percentile by Number Answered
Your Score History
You have not taken this quiz